000 00315nam a22001337a 4500
008 180202b xxu||||| |||| 00| 0 eng d
020 _a1555215009
041 _aeng
080 _a710
100 _a44
101 _aART
245 _aThe History and Techniques of the Great Masters
_cAckroyd, CH
942 _2udc
_cBK
999 _c41684
_d41684